Dwarf Planets and their Moons - Statistics

General Stats
  • This quiz has been taken 58 times
  • The average score is 13 of 22
Answer Stats
Hint Answer % Correct
Asteroid belt Ceres
88%
Scattered disc Eris
88%
Kuiper belt (plutino) Pluto
84%
Kuiper belt (cubewano) Makemake
81%
#2 Charon
79%
Kuiper belt Haumea
79%
#2 Nix
72%
#2 Styx
70%
Detached Sedna
67%
#5 Dysnomia
65%
#2 Hydra
60%
#2 Kerberos
60%
Kuiper belt (plutino) Orcus
58%
Kuiper belt (cubewano) Quaoar
53%
#3 Namaka
51%
#3 Hi'iaka
47%
#6 Vanth
44%
#9 Weywot
44%
Kuiper belt (cubewano) Salacia
37%
#8 Actaea
21%
Scattered disc 2007 OR10
16%
Kuiper belt (cubewano) 2002 MS4
9%
No matching quizzes found
Score Distribution
Percent of People with Each Score
Percentile by Number Answered
Your Score History
You have not taken this quiz